|
|
|
|
| LEADER |
00000cam a22000004a 4500 |
| 001 |
musev2_52817 |
| 003 |
MdBmJHUP |
| 005 |
20230905045631.0 |
| 006 |
m o d |
| 007 |
cr||||||||nn|n |
| 008 |
170328s2017 nbu o 00 0 eng d |
| 010 |
|
|
|z 2017014913
|
| 020 |
|
|
|a 9781496202406
|
| 020 |
|
|
|z 9781496201508
|
| 035 |
|
|
|a (OCoLC)980302547
|
| 040 |
|
|
|a MdBmJHUP
|c MdBmJHUP
|
| 100 |
1 |
|
|a LaPier, Rosalyn R.,
|e author.
|
| 245 |
1 |
0 |
|a Invisible Reality :
|b Storytellers, Storytakers, and the Supernatural World of the Blackfeet /
|c Rosalyn R. LaPier.
|
| 264 |
|
1 |
|a Lincoln, NB :
|b University of Nebraska Press, American Philosophical Society,
|c [2017]
|
| 264 |
|
3 |
|a Baltimore, Md. :
|b Project MUSE,
|c 2017
|
| 264 |
|
4 |
|c ©[2017]
|
| 300 |
|
|
|a 1 online resource (240 pages).
|
| 336 |
|
|
|a text
|b txt
|2 rdacontent
|
| 337 |
|
|
|a computer
|b c
|2 rdamedia
|
| 338 |
|
|
|a online resource
|b cr
|2 rdacarrier
|
| 490 |
0 |
|
|a New visions in Native American and indigenous studies
|
| 505 |
0 |
|
|a Introduction : Something vital was missing -- No nothing : the Blackfeet Reservation in 1910 -- Invisible reality : the Blackfeet universe -- Visible reality : the Saokiotapi -- Closed season : the Blackfeet winter -- Opened season : the Blackfeet summer -- Storytakers : ethnographers visit the Blackfeet -- All that remain : from the prairies to the atomic age -- Epilogue : And the dogs have separated.
|
| 520 |
0 |
|
|a "Invisible Reality presents a vital look at Blackfeet history and the traditional belief that Blackfeet made nature adapt to them."--Provided by publisher.
|
| 588 |
|
|
|a Description based on print version record.
|
| 600 |
1 |
7 |
|a LaPier, Rosalyn R.
|2 fast
|0 (OCoLC)fst02009461
|
| 600 |
1 |
1 |
|a LaPier, Rosalyn R.
|x Family.
|
| 600 |
1 |
0 |
|a LaPier, Rosalyn R.
|x Family.
|
| 610 |
2 |
0 |
|a Blackfeet Tribe of the Blackfeet Indian Reservation of Montana
|x History.
|
| 650 |
|
7 |
|a Piegan Indians.
|2 fast
|0 (OCoLC)fst01063880
|
| 650 |
|
7 |
|a Manners and customs.
|2 fast
|0 (OCoLC)fst01007815
|
| 650 |
|
7 |
|a Indians of North America.
|2 fast
|0 (OCoLC)fst00969633
|
| 650 |
|
7 |
|a Families.
|2 fast
|0 (OCoLC)fst01728849
|
| 650 |
|
7 |
|a SOCIAL SCIENCE / Ethnic Studies / Native American Studies
|2 bisacsh
|
| 650 |
|
7 |
|a HISTORY / United States / State & Local / West (AK, CA, CO, HI, ID, MT, NV, UT, WY)
|2 bisacsh
|
| 650 |
|
7 |
|a HISTORY / United States / State & Local / Southwest (AZ, NM, OK, TX)
|2 bisacsh
|
| 650 |
|
6 |
|a Indiens d'Amerique
|z Montana
|x Histoire.
|
| 650 |
|
6 |
|a Piegan (Indiens)
|x Religion.
|
| 650 |
|
6 |
|a Piegan (Indiens)
|v Folklore.
|
| 650 |
|
6 |
|a Piegan (Indiens)
|x Histoire.
|
| 650 |
|
0 |
|a Indians of North America
|z Montana
|x History.
|
| 650 |
|
0 |
|a Piegan Indians
|x Religion.
|
| 650 |
|
0 |
|a Piegan Indians
|v Folklore.
|
| 650 |
|
0 |
|a Piegan Indians
|x History.
|
| 651 |
|
7 |
|a Montana
|z Blackfeet Indian Reservation.
|2 fast
|0 (OCoLC)fst01242963
|
| 651 |
|
7 |
|a Montana.
|2 fast
|0 (OCoLC)fst01207555
|
| 651 |
|
7 |
|a Blackfeet Tribe of the Blackfeet Indian Reservation of Montana.
|2 fast
|0 (OCoLC)fst01713305
|
| 651 |
|
6 |
|a Blackfeet Indian Reservation (Mont.)
|x Histoire.
|
| 651 |
|
6 |
|a Blackfeet Indian Reservation (Mont.)
|v Biographies.
|
| 651 |
|
0 |
|a Blackfeet Indian Reservation (Mont.)
|x History.
|
| 651 |
|
0 |
|a Blackfeet Indian Reservation (Mont.)
|v Biography.
|
| 651 |
|
0 |
|a Blackfeet Tribe of the Blackfeet Indian Reservation of Montana
|x Social life and customs.
|
| 655 |
|
7 |
|a History.
|2 fast
|0 (OCoLC)fst01411628
|
| 655 |
|
7 |
|a Folklore.
|2 fast
|0 (OCoLC)fst01423784
|
| 655 |
|
7 |
|a Biographies.
|2 fast
|0 (OCoLC)fst01919896
|
| 655 |
|
7 |
|a Electronic books.
|2 local
|
| 710 |
2 |
|
|a Project Muse.
|e distributor
|
| 830 |
|
0 |
|a Book collections on Project MUSE.
|
| 856 |
4 |
0 |
|z Texto completo
|u https://projectmuse.uam.elogim.com/book/52817/
|
| 945 |
|
|
|a Project MUSE - Custom Collection
|
| 945 |
|
|
|a Project MUSE - 2017 Complete
|
| 945 |
|
|
|a Project MUSE - 2017 Global Cultural Studies
|
| 945 |
|
|
|a Project MUSE - 2017 Native American and Indigenous Studies
|